| 000 | 00650nam a22001697a 4500 | ||
|---|---|---|---|
| 999 |
_c10070 _d10070 |
||
| 008 | 180731b ||||| |||| 00| 0 eng d | ||
| 082 |
_22017 _aUT 0993 _bA24 |
||
| 100 |
_929734 _aAdtoon, Ruby Ann M. |
||
| 245 |
_aInvasive aquatic plants species in selected rivers of sta.cruz, Davao del sur / _cRuby Ann M. Adtoon, Marvyn A. Bataycan, Riza P. Servano |
||
| 260 |
_aDigo City : _bUMDC _cNovember 2017. |
||
| 300 |
_a44 pages ; _b29 cm. |
||
| 650 | 0 |
_929735 _aEducation _vBiological Science _xUndergraduate thesis. |
|
| 700 |
_929736 _aAdtoon, Ruby Ann M. |
||
| 700 |
_929737 _aBataycan, Marvyn A. |
||
| 700 |
_929738 _aServano, Riza P. |
||
| 942 |
_2ddc _cUT |
||